000 01598nam a2200385 a 4500
001 ebr10591439
003 CaPaEBR
006 m u
007 cr cn|||||||||
008 121211s1993 gw a sb 000 0 lat d
020 _z3519011042
020 _z9783598711046
020 _z9783110954869 (e-book)
040 _aCaPaEBR
_cCaPaEBR
035 _a(OCoLC)823746811
050 1 4 _aBT94
_b.A94 1993eb
100 0 _aAugustine,
_cSaint, Bishop of Hippo.
240 1 0 _aDe civitate Dei
245 1 0 _aSancti Aurelii Augustini episcopi De civitate Dei libri XXII
_h[electronic resource] .
_nVol. I, Lib. I-XIII,
_pDuas Epistulas ad Firmum /
_cRecognoverunt Bernardus Dombart et Alfonsus Kalb ; Addidit Johannes Divjak.
250 _aEditio quinta.
260 _aStutgardiae :
_bIn Aedibus B.G. Teubneri,
_c1993.
300 _axlix, 599 p. :
_bill.
440 0 _aBibliotheca scriptorum Graecorum et Romanorum Teubneriana
504 _aIncludes bibliographical references.
533 _aElectronic reproduction.
_bPalo Alto, Calif. :
_cebrary,
_d2011.
_nAvailable via World Wide Web.
_nAccess may be limited to ebrary affiliated libraries.
650 0 _aKingdom of God.
650 0 _aApologetics
_vEarly works to 1800.
650 0 _aApologetics
_xHistory
_yEarly church, ca. 30-600.
655 7 _aElectronic books.
_2local
700 1 _aDombart, Bernardus.
700 1 _aKalb, Alfons.
700 1 _aDivjak, Johannes.
710 2 _aebrary, Inc.
856 4 0 _uhttp://site.ebrary.com/lib/rucke/Doc?id=10591439
_zAn electronic book accessible through the World Wide Web; click to view
999 _c105950
_d105950